[Event "First Saturday 2009 oktober IM-A"]
[Site "Budapest"]
[Date "2009.10.03"]
[Round "1"]
[White "Adams, Nick A"]
[Black "Le, Thanh Tu"]
[Result "1/2-1/2"]
[WhiteElo "2221"]
[BlackElo "2305"]
[PlyCount "67"]
[EventDate "2009.10.03"]

1. c4 e5 2. Nc3 Nf6 3. Nf3 Nc6 4. g3 d5 5. cxd5 Nxd5 6. Bg2 Nb6 7. O-O Be7 8.
a3 Be6 9. b4 a6 10. Rb1 O-O 11. d3 f6 12. Bb2 Rb8 13. Rc1 Qe8 14. Ne4 Qf7 15.
Nfd2 Bd5 16. Nc5 Bxc5 17. Rxc5 Bxg2 18. Kxg2 Rfd8 19. Rc1 a5 20. bxa5 Nxa5 21.
Qc2 Nc6 22. Ne4 Ra8 23. Nc5 Nd4 24. Bxd4 Rxd4 25. Kg1 Ra7 26. Nb3 Rd7 27. Nc5
Rd6 28. Ne4 Rc6 29. Qb2 Na4 30. Qb1 Rb6 31. Qc2 Rc6 32. Qb1 Rb6 33. Qc2 Rc6 34.
Qb1 1/2-1/2

[Event "First Saturday 2009 oktober IM-A"]
[Site "Budapest"]
[Date "2009.10.03"]
[Round "1"]
[White "Lengyel, Bela"]
[Black "Berczes, Csaba"]
[Result "1-0"]
[WhiteElo "2251"]
[BlackElo "2368"]
[PlyCount "73"]
[EventDate "2009.10.03"]

1. e4 c5 2. Nf3 Nc6 3. d4 cxd4 4. Nxd4 Qc7 5. Nc3 e6 6. Be2 a6 7. O-O b5 8.
Nxc6 Qxc6 9. Bf3 Qc7 10. a4 b4 11. Na2 Bb7 12. Bd2 Nf6 13. Re1 a5 14. c3 Qb6
15. e5 Nd5 16. c4 Ne7 17. Nc1 Bxf3 18. Qxf3 Qc6 19. Re4 Nf5 20. Nb3 Be7 21. Qd3
d6 22. g4 d5 23. cxd5 exd5 24. Rf4 Nh4 25. Rc1 Qxa4 26. Rc7 Ng6 27. Rxf7 Rd8
28. Rxg7 Rd7 29. Rc8+ Bd8 30. Rxg6 hxg6 31. Qxg6+ Kf8 32. Qf6+ Kg8 33. Rxd8+
Rxd8 34. Qxd8+ Kg7 35. Qf6+ Kg8 36. Qg6+ Kf8 37. Bh6+ 1-0

[Event "First Saturday 2009 oktober IM-A"]
[Site "Budapest"]
[Date "2009.10.03"]
[Round "1"]
[White "Kahn, Evarth dr"]
[Black "Vegh, Endre"]
[Result "1/2-1/2"]
[WhiteElo "2245"]
[BlackElo "2296"]
[PlyCount "47"]
[EventDate "2009.10.03"]

1. e4 c6 2. d4 d5 3. exd5 cxd5 4. c4 Nf6 5. Nc3 Nc6 6. Nf3 Bg4 7. cxd5 Nxd5 8.
Qb3 Bxf3 9. gxf3 e6 10. Qxb7 Nxd4 11. Bb5+ Nxb5 12. Qc6+ Ke7 13. Qxb5 Qd7 14.
Nxd5+ Qxd5 15. Bg5+ f6 16. Qxd5 exd5 17. Be3 Ke6 18. O-O-O Bb4 19. a3 Rhc8+ 20.
Kb1 Bc5 21. Rhe1 Bxe3 22. Rxe3+ Kd6 23. Rde1 Rc4 24. Re7 1/2-1/2

[Event "First Saturday 2009 oktober IM-A"]
[Site "Budapest"]
[Date "2009.10.03"]
[Round "1"]
[White "Roberts, Paul"]
[Black "Dave, Dhyani"]
[Result "1-0"]
[WhiteElo "2193"]
[BlackElo "2124"]
[PlyCount "89"]
[EventDate "2009.10.03"]

1. Nf3 d5 2. d4 Nf6 3. c4 e6 4. g3 c6 5. Bg2 Nbd7 6. Qc2 Bb4+ 7. Nbd2 O-O 8.
O-O Re8 9. b3 Bf8 10. Bb2 b6 11. e4 dxe4 12. Nxe4 Bb7 13. Ne5 Nxe5 14. dxe5
Nxe4 15. Bxe4 g6 16. Rad1 Qc7 17. Rd2 Rad8 18. Rfd1 Be7 19. h4 Rxd2 20. Rxd2
Rd8 21. Rxd8+ Qxd8 22. h5 Qe8 23. hxg6 hxg6 24. Bc3 a5 25. Bd4 c5 26. Be3 Bxe4
27. Qxe4 Qd7 28. Kg2 Kf8 29. Qa8+ Bd8 30. Bg5 Ke8 31. Bf6 Qc7 32. Kh3 Kd7 33.
Qxd8+ Qxd8 34. Bxd8 Kxd8 35. Kg4 Ke7 36. Kg5 Kf8 37. Kf6 Ke8 38. f4 Kf8 39. g4
Ke8 40. f5 gxf5 41. gxf5 exf5 42. Kxf5 Ke7 43. a4 Kd7 44. Kf6 Ke8 45. e6 1-0

[Event "First Saturday 2009 oktober IM-A"]
[Site "Budapest"]
[Date "2009.10.04"]
[Round "2"]
[White "Le, Thanh Tu"]
[Black "Dencsi, Tibor"]
[Result "1/2-1/2"]
[WhiteElo "2305"]
[BlackElo "2338"]
[PlyCount "62"]
[EventDate "2009.10.03"]

1. d4 d5 2. c4 dxc4 3. Nf3 Nf6 4. e3 e6 5. Bxc4 c5 6. O-O Nc6 7. Nc3 Be7 8. Qe2
cxd4 9. exd4 O-O 10. Rd1 Na5 11. Bd3 b6 12. Bg5 Bb7 13. Rac1 Rc8 14. Bb1 Nd5
15. Qd3 f5 16. Nxd5 Bxg5 17. Rxc8 Bxc8 18. Nc3 Bf6 19. b4 Nc6 20. a3 Kh8 21. h3
e5 22. dxe5 Qxd3 23. Rxd3 Nxe5 24. Nxe5 Bxe5 25. Nb5 a6 26. Nd6 g6 27. Ba2 Kg7
28. g3 f4 29. gxf4 Bxf4 30. Nxc8 Rxc8 31. a4 Rc7 1/2-1/2

[Event "First Saturday 2009 oktober IM-A"]
[Site "Budapest"]
[Date "2009.10.04"]
[Round "2"]
[White "Dave, Dhyani"]
[Black "Rooze, Jan"]
[Result "0-1"]
[WhiteElo "2124"]
[BlackElo "2253"]
[PlyCount "60"]
[EventDate "2009.10.03"]

1. d3 c5 2. f4 d5 3. Nf3 Nc6 4. g3 g6 5. Bg2 Bg7 6. O-O Nf6 7. c3 O-O 8. Nbd2
Ng4 9. Nb1 b6 10. h3 Nf6 11. Nbd2 Nh5 12. Qe1 e5 13. e3 exf4 14. exf4 Ba6 15.
Ne5 Nxe5 16. fxe5 Re8 17. Qf2 Rxe5 18. Qxf7+ Kh8 19. Nf3 Rf5 20. Ng5 Rxg5 21.
Bxg5 Qxg5 22. Rae1 Bb5 23. Re7 Qxg3 24. Qxd5 Rg8 25. Rf3 Qb8 26. Qg5 Qd8 27.
Rff7 Be8 28. Rf2 Bf6 29. Rxe8 Rxe8 30. Qd2 Bg5 0-1

[Event "First Saturday 2009 oktober IM-A"]
[Site "Budapest"]
[Date "2009.10.04"]
[Round "2"]
[White "Vegh, Endre"]
[Black "Roberts, Paul"]
[Result "1/2-1/2"]
[WhiteElo "2296"]
[BlackElo "2193"]
[PlyCount "42"]
[EventDate "2009.10.03"]

1. d4 e6 2. c4 d5 3. Nc3 c5 4. cxd5 exd5 5. e4 dxe4 6. Bc4 cxd4 7. Qb3 Nf6 8.
Bxf7+ Ke7 9. Bf4 Nc6 10. Bc4 Na5 11. Qb4+ Ke8 12. Qb5+ Bd7 13. Qe5+ Be7 14.
Qxd4 Nxc4 15. Qxc4 Qb6 16. Nge2 Rc8 17. Qd4 Bc5 18. Qe5+ Kf7 19. O-O Rhe8 20.
Qg5 h6 21. Qg3 Nh5 1/2-1/2

[Event "First Saturday 2009 oktober IM-A"]
[Site "Budapest"]
[Date "2009.10.04"]
[Round "2"]
[White "Adams, Nick A"]
[Black "Lengyel, Bela"]
[Result "1-0"]
[WhiteElo "2221"]
[BlackElo "2251"]
[PlyCount "111"]
[EventDate "2009.10.03"]

1. c4 e5 2. Nc3 Nf6 3. Nf3 Nc6 4. e4 Bc5 5. Nxe5 O-O 6. Nf3 Re8 7. d3 Ng4 8. d4
Bb4 9. Be2 Bxc3+ 10. bxc3 Rxe4 11. O-O Nf6 12. Bd3 Re8 13. Bg5 d6 14. h3 Bd7
15. Qc2 h6 16. Bh4 Re7 17. Bxf6 gxf6 18. Qd2 Qf8 19. Rab1 Na5 20. Rfe1 Rae8 21.
Re3 Rxe3 22. fxe3 Qg7 23. Kh2 b6 24. Rf1 c5 25. Ng1 h5 26. Ne2 Qh6 27. Nf4 Be6
28. Qe2 h4 29. Nh5 f5 30. Bxf5 Bxc4 31. Qg4+ Kh8 32. Rf4 Rg8 33. Qxh4 Rg5 34.
Bg4 Rg6 35. Qf2 Kg8 36. Ng3 Kf8 37. e4 Nc6 38. Nf5 Qg5 39. a3 cxd4 40. cxd4 b5
41. h4 Qd8 42. Bh5 Rf6 43. Qg3 Ke8 44. Rg4 Kd7 45. Rg8 Qb6 46. d5 Ne7 47. Nxe7
Rf1 48. Nf5 Qg1+ 49. Kh3 Qh1+ 50. Kg4 Be2+ 51. Kg5 Rxf5+ 52. Kxf5 Bxh5 53. Kg5
Qd1 54. Kh6 Bg6 55. Qg5 Kc7 56. g4 1-0

[Event "First Saturday 2009 oktober IM-A"]
[Site "Budapest"]
[Date "2009.10.05"]
[Round "3"]
[White "Lengyel, Bela"]
[Black "Le, Thanh Tu"]
[Result "1-0"]
[WhiteElo "2251"]
[BlackElo "2305"]
[PlyCount "53"]
[EventDate "2009.10.03"]

1. e4 e6 2. d4 d5 3. Nc3 Nf6 4. Bg5 Be7 5. e5 Nfd7 6. h4 Nc6 7. Nf3 f6 8. Bf4
O-O 9. Bd3 f5 10. a3 Nb6 11. Ne2 a5 12. Bg5 a4 13. Nf4 Na5 14. Bxe7 Qxe7 15.
Ng5 Qe8 16. Rh3 Nbc4 17. Rb1 c5 18. c3 cxd4 19. cxd4 b5 20. Be2 Ra7 21. Nxh7
Kxh7 22. Bh5 Rff7 23. Bg6+ Kg8 24. Qh5 Kf8 25. Rg3 Ba6 26. Qh7 Bc8 27. Bh5 1-0

[Event "First Saturday 2009 oktober IM-A"]
[Site "Budapest"]
[Date "2009.10.05"]
[Round "3"]
[White "Kahn, Evarth dr"]
[Black "Adams, Nick A"]
[Result "0-1"]
[WhiteElo "2245"]
[BlackElo "2221"]
[PlyCount "58"]
[EventDate "2009.10.03"]

1. e4 e5 2. Nc3 Nc6 3. f4 exf4 4. Nf3 g5 5. h3 Bg7 6. d4 h6 7. Bc4 d6 8. O-O
Nge7 9. Re1 O-O 10. d5 Ne5 11. Nxe5 Bxe5 12. Qh5 Kg7 13. Ne2 Ng8 14. Qf3 f5 15.
exf5 Bxf5 16. Bd3 Qf6 17. Bxf5 Qxf5 18. Bd2 Rae8 19. Bc3 Nf6 20. Nd4 Bxd4+ 21.
Bxd4 Kg6 22. c4 a6 23. Qb3 Ne4 24. Rad1 f3 25. Rf1 f2+ 26. Kh1 h5 27. Rd3 h4
28. Qxb7 Ng3+ 29. Rxg3 hxg3 0-1

[Event "First Saturday 2009 oktober IM-A"]
[Site "Budapest"]
[Date "2009.10.05"]
[Round "3"]
[White "Roberts, Paul"]
[Black "Berczes, Csaba"]
[Result "1-0"]
[WhiteElo "2193"]
[BlackElo "2368"]
[PlyCount "77"]
[EventDate "2009.10.03"]

1. d4 Nf6 2. Nf3 e6 3. g3 b6 4. Bg2 Bb7 5. c4 Bb4+ 6. Bd2 Be7 7. Nc3 O-O 8. O-O
Na6 9. Re1 d5 10. cxd5 exd5 11. Bf4 c5 12. dxc5 bxc5 13. Rc1 Qb6 14. Nh4 Rfd8
15. Nf5 Bf8 16. Qc2 Qe6 17. a3 Rd7 18. Nh4 h6 19. Nf3 d4 20. Nb1 g5 21. Bd2 Rb8
22. Qa4 Bd5 23. b4 Bb3 24. Qa5 c4 25. Ne5 Rd6 26. e3 Be7 27. Nc6 Rxc6 28. exd4
Qd6 29. Bxc6 Qxc6 30. Rxe7 Nd5 31. Re5 Nac7 32. Qc5 Qd7 33. Nc3 Nxc3 34. Bxc3
Nb5 35. Re7 Qc8 36. Qe5 Qf8 37. d5 Nxc3 38. Rxc3 a5 39. Rf3 1-0

[Event "First Saturday 2009 oktober IM-A"]
[Site "Budapest"]
[Date "2009.10.05"]
[Round "3"]
[White "Dencsi, Tibor"]
[Black "Dave, Dhyani"]
[Result "1-0"]
[WhiteElo "2338"]
[BlackElo "2124"]
[PlyCount "85"]
[EventDate "2009.10.03"]

1. d4 d6 2. c4 Nf6 3. Nc3 Bf5 4. g3 Qc8 5. Bg2 e5 6. Qa4+ Bd7 7. Qb3 Nc6 8. d5
Nd4 9. Qd1 Bf5 10. e4 Bd7 11. Be3 c5 12. dxc6 Nxc6 13. h3 Be7 14. Nge2 O-O 15.
Rc1 Be6 16. Nd5 Qd7 17. Qd2 Ne8 18. b4 f5 19. exf5 Bxf5 20. b5 Nd8 21. O-O Ne6
22. g4 Bg6 23. f4 exf4 24. Nexf4 Nxf4 25. Bxf4 Rd8 26. Qe3 Bh4 27. Qxa7 h6 28.
Qe3 Kh7 29. a4 Nf6 30. Nxf6+ Bxf6 31. Be4 Bxe4 32. Qxe4+ Kh8 33. Rcd1 Qc7 34.
Rd5 Rfe8 35. Qd3 Qb6+ 36. Kg2 Be5 37. c5 Qa5 38. cxd6 Bxf4 39. Rxf4 Qe1 40. Rf2
Rd7 41. Rdf5 Rdd8 42. d7 Rg8 43. Rf7 1-0

[Event "First Saturday 2009 oktober IM-A"]
[Site "Budapest"]
[Date "2009.10.06"]
[Round "4"]
[White "Le, Thanh Tu"]
[Black "Dave, Dhyani"]
[Result "1-0"]
[WhiteElo "2305"]
[BlackElo "2124"]
[PlyCount "101"]
[EventDate "2009.10.03"]

1. Nf3 Nf6 2. c4 e6 3. g3 b6 4. Bg2 Bb7 5. O-O c5 6. Nc3 Be7 7. d4 cxd4 8. Qxd4
d6 9. Rd1 Nc6 10. Qd2 a6 11. b3 Qc7 12. Bb2 O-O 13. Rac1 Ne5 14. Ng5 Bxg2 15.
Kxg2 Qb7+ 16. f3 Rad8 17. Nge4 h6 18. Nxf6+ Bxf6 19. Ne4 Be7 20. Qe3 Ng6 21. h4
d5 22. cxd5 exd5 23. Qd4 f6 24. Nf2 Bc5 25. Qg4 Qf7 26. h5 Ne7 27. Nd3 Bd6 28.
Bd4 b5 29. Bc5 Nc6 30. Bxd6 Rxd6 31. Nf4 Ne5 32. Qf5 Rfd8 33. Rd2 Nc6 34. Rcd1
Ne7 35. Qb1 Nc6 36. Qc2 Qd7 37. Rxd5 Rxd5 38. Rxd5 Qe8 39. Rxd8 Nxd8 40. Qc8 a5
41. a4 bxa4 42. bxa4 Kf7 43. Qc7+ Qe7 44. Qxa5 Nb7 45. Qd5+ Ke8 46. a5 Nc5 47.
Qa8+ Kf7 48. a6 Nxa6 49. Qxa6 Qd7 50. Qd3 Qc8 51. Nd5 1-0

[Event "First Saturday 2009 oktober IM-A"]
[Site "Budapest"]
[Date "2009.10.06"]
[Round "4"]
[White "Berczes, Csaba"]
[Black "Rooze, Jan"]
[Result "0-1"]
[WhiteElo "2368"]
[BlackElo "2253"]
[PlyCount "66"]
[EventDate "2009.10.03"]

1. Nf3 Nf6 2. g3 d5 3. Bg2 c6 4. O-O Bg4 5. c4 e6 6. d3 Nbd7 7. cxd5 exd5 8.
Nc3 Bd6 9. Qc2 O-O 10. e4 Rc8 11. Nh4 Be6 12. b3 Ne8 13. f4 dxe4 14. dxe4 f6
15. Bb2 Nc5 16. Rad1 Qb6 17. Kh1 Rf7 18. Rd2 Rd7 19. Ne2 Rcd8 20. Nd4 Bf8 21.
Rff2 Bf7 22. h3 Nc7 23. Kh2 N7a6 24. Bc3 Nb4 25. Qd1 Nxa2 26. Ba1 Nxb3 27. Nxb3
Bxb3 28. Qe1 Bb4 29. e5 Rxd2 30. Rxd2 Rxd2 31. exf6 Rxg2+ 32. Kh1 Bxe1 33. f7+
Kxf7 0-1

[Event "First Saturday 2009 oktober IM-A"]
[Site "Budapest"]
[Date "2009.10.06"]
[Round "4"]
[White "Adams, Nick A"]
[Black "Roberts, Paul"]
[Result "1/2-1/2"]
[WhiteElo "2221"]
[BlackElo "2193"]
[PlyCount "71"]
[EventDate "2009.10.03"]

1. c4 e5 2. Nc3 Nf6 3. Nf3 Nc6 4. e4 Bb4 5. d3 d6 6. g3 O-O 7. Bg2 Nd4 8. a3
Nxf3+ 9. Bxf3 Bc5 10. O-O a5 11. Bg2 Bg4 12. Qc2 Qd7 13. Kh1 Bh3 14. Bg5 Bxg2+
15. Kxg2 Ne8 16. Be3 b6 17. Nd5 a4 18. Qe2 Rb8 19. Rac1 f5 20. f4 fxe4 21. fxe5
dxe5 22. Rxf8+ Bxf8 23. dxe4 Nd6 24. Bd2 c6 25. Nc3 b5 26. cxb5 cxb5 27. Nd5
Nc4 28. Bc3 Re8 29. Rd1 Qc8 30. Rf1 Bc5 31. Qh5 Bd4 32. Rf7 Ne3+ 33. Nxe3 Bxe3
34. Rf3 g6 35. Qh4 Bd4 36. Qg5 1/2-1/2

[Event "First Saturday 2009 oktober IM-A"]
[Site "Budapest"]
[Date "2009.10.06"]
[Round "4"]
[White "Lengyel, Bela"]
[Black "Kahn, Evarth dr"]
[Result "1/2-1/2"]
[WhiteElo "2251"]
[BlackElo "2245"]
[PlyCount "26"]
[EventDate "2009.10.03"]

1. e4 Nf6 2. e5 Nd5 3. d4 d6 4. Nf3 dxe5 5. Nxe5 c6 6. Be2 Bf5 7. O-O e6 8. c4
Nb4 9. Na3 Nd7 10. Nxd7 Qxd7 11. Be3 Be7 12. Qa4 a5 13. Rfd1 O-O 1/2-1/2

[Event "First Saturday 2009 oktober IM-A"]
[Site "Budapest"]
[Date "2009.10.07"]
[Round "5"]
[White "Kahn, Evarth dr"]
[Black "Le, Thanh Tu"]
[Result "0-1"]
[WhiteElo "2245"]
[BlackElo "2305"]
[PlyCount "84"]
[EventDate "2009.10.03"]

1. d4 c5 2. d5 Nf6 3. c4 e6 4. Nc3 exd5 5. cxd5 d6 6. e4 g6 7. f4 Bg7 8. Nf3
O-O 9. Be2 Nbd7 10. O-O Re8 11. Nd2 c4 12. Kh1 Nb6 13. a4 a5 14. Re1 h5 15. h3
Ng4 16. Bxg4 hxg4 17. Nb5 gxh3 18. g3 Qe7 19. Ra3 Bd7 20. Nf3 Bxb5 21. axb5 Qd7
22. Be3 Qxb5 23. Bd4 Rac8 24. Bxg7 Kxg7 25. Qd4+ Kg8 26. f5 Nd7 27. Qd2 Kg7 28.
Rxa5 Qb6 29. fxg6 fxg6 30. Qd4+ Qxd4 31. Nxd4 Nc5 32. e5 dxe5 33. Nb5 Nd3 34.
Re2 Rc5 35. Nd6 Rxa5 36. Nxe8+ Kf8 37. Nc7 Ke7 38. Kh2 Kd6 39. Ne8+ Kxd5 40.
Kxh3 Ra2 41. Nf6+ Ke6 42. Ne4 Rxb2 0-1

[Event "First Saturday 2009 oktober IM-A"]
[Site "Budapest"]
[Date "2009.10.07"]
[Round "5"]
[White "Roberts, Paul"]
[Black "Lengyel, Bela"]
[Result "1/2-1/2"]
[WhiteElo "2193"]
[BlackElo "2251"]
[PlyCount "70"]
[EventDate "2009.10.03"]

1. Nf3 d5 2. d4 Nf6 3. c4 c6 4. e3 g6 5. Nc3 Bg7 6. Be2 O-O 7. O-O e6 8. Qc2
Nbd7 9. e4 dxe4 10. Nxe4 Nxe4 11. Qxe4 c5 12. Be3 cxd4 13. Bxd4 e5 14. Bc3 Re8
15. Rad1 Qe7 16. Qd5 e4 17. Nd4 Nf6 18. Qg5 a6 19. Rfe1 h6 20. Qf4 Bd7 21. Nc2
Ba4 22. Bb4 Qe5 23. Qxe5 Rxe5 24. b3 Bc6 25. Nd4 Bd7 26. Bc3 Ree8 27. Nc2 Bg4
28. Rd6 Bxe2 29. Rxe2 Nh5 30. Bxg7 Kxg7 31. Red2 Nf4 32. Kf1 Re5 33. g3 Nd3 34.
Ne1 Nxe1 35. Kxe1 Rae8 1/2-1/2

[Event "First Saturday 2009 oktober IM-A"]
[Site "Budapest"]
[Date "2009.10.07"]
[Round "5"]
[White "Rooze, Jan"]
[Black "Adams, Nick A"]
[Result "1/2-1/2"]
[WhiteElo "2253"]
[BlackElo "2221"]
[PlyCount "63"]
[EventDate "2009.10.03"]

1. e4 e5 2. Nf3 Nc6 3. Bb5 Nf6 4. O-O Nxe4 5. Re1 Nd6 6. Nxe5 Be7 7. Bf1 Nxe5
8. Rxe5 O-O 9. Nc3 Ne8 10. d4 Bf6 11. Re1 d5 12. Bf4 c6 13. Be5 Bf5 14. Qd2 Bg5
15. Qd1 Nd6 16. Na4 f6 17. Bg3 Ne4 18. Bd3 b6 19. c4 Qd7 20. Nc3 Nxc3 21. bxc3
Rfe8 22. Bxf5 Qxf5 23. Qa4 Re6 24. f4 Bh6 25. Rxe6 Qxe6 26. Re1 Qd7 27. cxd5
Qxd5 28. Re7 a5 29. Rc7 b5 30. Qa3 b4 31. Qb3 Qxb3 32. axb3 1/2-1/2

[Event "First Saturday 2009 oktober IM-A"]
[Site "Budapest"]
[Date "2009.10.07"]
[Round "5"]
[White "Dave, Dhyani"]
[Black "Vegh, Endre"]
[Result "1-0"]
[WhiteElo "2124"]
[BlackElo "2296"]
[PlyCount "75"]
[EventDate "2009.10.03"]

1. e4 c5 2. Ne2 d6 3. g3 Nf6 4. Bg2 g6 5. O-O Bg7 6. Nbc3 Nc6 7. d3 O-O 8. h3
Rb8 9. Be3 e5 10. Qd2 Nd4 11. Nd1 Bxh3 12. Nxd4 Bxg2 13. Kxg2 cxd4 14. Bh6 Rc8
15. c4 dxc3 16. Nxc3 d5 17. Rh1 d4 18. Bxg7 dxc3 19. Qh6 Re8 20. bxc3 Rc6 21.
Bxf6 Rxf6 22. Qxh7+ Kf8 23. Qh6+ Ke7 24. Qe3 Qa5 25. Rab1 b6 26. c4 Rd8 27. Rb5
Qc3 28. Rd5 Rxd5 29. exd5 Qb2 30. Re1 Kd6 31. Re2 Qd4 32. Qg5 e4 33. dxe4 Kd7
34. e5 Qxc4 35. Qxf6 Qxe2 36. Qxf7+ Kc8 37. d6 Qe4+ 38. Kh2 1-0

[Event "First Saturday 2009 oktober IM-A"]
[Site "Budapest"]
[Date "2009.10.08"]
[Round "6"]
[White "Le, Thanh Tu"]
[Black "Vegh, Endre"]
[Result "1-0"]
[WhiteElo "2305"]
[BlackElo "2296"]
[PlyCount "69"]
[EventDate "2009.10.03"]

1. c4 g6 2. Nc3 c5 3. Nf3 Bg7 4. g3 Nc6 5. Bg2 e6 6. O-O Nge7 7. a3 O-O 8. Rb1
d5 9. cxd5 exd5 10. d3 b6 11. Bg5 h6 12. Bxe7 Nxe7 13. d4 Bf5 14. Rc1 c4 15. b3
Rc8 16. bxc4 Rxc4 17. Ne5 Bxe5 18. dxe5 d4 19. Ne4 Bxe4 20. Bxe4 Qc7 21. Rxc4
Qxc4 22. Qd2 Rc8 23. Rd1 Kh7 24. Qxd4 Qxe2 25. Qd3 Qxd3 26. Rxd3 Rc7 27. f4 Kg7
28. Kf2 Rc2+ 29. Ke3 Rxh2 30. Rd7 Kf8 31. Rxa7 Rb2 32. g4 h5 33. gxh5 gxh5 34.
f5 Rb5 35. Ra8+ 1-0

[Event "First Saturday 2009 oktober IM-A"]
[Site "Budapest"]
[Date "2009.10.08"]
[Round "6"]
[White "Adams, Nick A"]
[Black "Dencsi, Tibor"]
[Result "1/2-1/2"]
[WhiteElo "2221"]
[BlackElo "2338"]
[PlyCount "69"]
[EventDate "2009.10.03"]

1. c4 e5 2. Nc3 Nf6 3. Nf3 Nc6 4. e4 Bb4 5. d3 d6 6. g3 Bg4 7. Be2 O-O 8. O-O
Bc5 9. a3 Bh3 10. b4 Bxf1 11. Bxf1 Bd4 12. Nxd4 Nxd4 13. Ne2 Nxe2+ 14. Qxe2 a5
15. b5 c6 16. Rb1 Re8 17. Bg2 Qc7 18. Bd2 Nd7 19. Be3 Nc5 20. f4 f6 21. h4 a4
22. h5 Nb3 23. bxc6 bxc6 24. Rf1 Rab8 25. Qg4 c5 26. Qh4 Nd4 27. h6 Rb3 28.
fxe5 fxe5 29. hxg7 Ne6 30. Bh6 Nxg7 31. Bh3 Rbb8 32. Bf5 Rf8 33. Bg5 Nxf5 34.
exf5 Qf7 35. Bh6 1/2-1/2

[Event "First Saturday 2009 oktober IM-A"]
[Site "Budapest"]
[Date "2009.10.08"]
[Round "6"]
[White "Lengyel, Bela"]
[Black "Rooze, Jan"]
[Result "1-0"]
[WhiteElo "2251"]
[BlackElo "2253"]
[PlyCount "125"]
[EventDate "2009.10.03"]

1. e4 c5 2. Nf3 e6 3. d4 cxd4 4. Nxd4 Nc6 5. Nb5 d6 6. c4 Nf6 7. N1c3 a6 8. Na3
Be7 9. Be2 b6 10. O-O O-O 11. Be3 Bb7 12. Qb3 Nd7 13. Rfd1 Nc5 14. Qc2 Bf6 15.
Rac1 Qe7 16. Nab1 Nb4 17. Qd2 Rfd8 18. Qe1 Bg5 19. Bf1 Rd7 20. a3 Nc6 21. b4
Nb3 22. Rc2 a5 23. b5 Ne5 24. f4 Bh4 25. Qe2 Ng6 26. g3 Bf6 27. Bxb6 a4 28. Qd3
Nf8 29. Bg2 Qe8 30. Be3 Nc5 31. Qe2 Qc8 32. Qf2 Bd8 33. e5 Be7 34. Nd5 exd5 35.
cxd5 Qd8 36. exd6 Bxd6 37. Bxc5 Bxc5 38. Rxc5 Ne6 39. Rc6 Nc7 40. Nc3 Nxb5 41.
Rc5 Nxc3 42. Rxc3 Ra6 43. Rdc1 Ra8 44. Rd1 h6 45. Rcd3 Rd6 46. Rb1 Qd7 47. Qb2
Ba6 48. Rd4 Rc8 49. Rb4 Qa7+ 50. Qd4 Qxd4+ 51. Rxd4 Rc4 52. Rxc4 Bxc4 53. Rc1
Bb5 54. Rc8+ Kh7 55. Kf2 Rb6 56. Ke3 Ba6 57. Rc7 Rb3+ 58. Kd4 Rxa3 59. Be4+ g6
60. Rxf7+ Kg8 61. Ra7 Bb5 62. d6 Ra1 63. Kc5 1-0

[Event "First Saturday 2009 oktober IM-A"]
[Site "Budapest"]
[Date "2009.10.08"]
[Round "6"]
[White "Kahn, Evarth dr"]
[Black "Roberts, Paul"]
[Result "1/2-1/2"]
[WhiteElo "2245"]
[BlackElo "2193"]
[PlyCount "83"]
[EventDate "2009.10.03"]

1. d4 Nf6 2. c4 g6 3. Nc3 Bg7 4. e4 O-O 5. f4 d6 6. Nf3 c5 7. d5 e6 8. Be2 exd5
9. cxd5 Re8 10. e5 dxe5 11. fxe5 Ng4 12. Bg5 Qb6 13. O-O Nxe5 14. d6 c4+ 15.
Kh1 Qxb2 16. Nd5 Nxf3 17. Rb1 Qe5 18. Bxf3 Qxg5 19. Nc7 Rd8 20. Bd5 Bf5 21.
Rxb7 Nd7 22. Nxa8 Ne5 23. Re7 Bf6 24. Rxa7 Rxd6 25. Rxf7 Be6 26. Bxe6 Rxd1 27.
Rd7+ Kf8 28. Rdxd1 Kg7 29. Nc7 Bd8 30. Ne8+ Kh6 31. Rde1 Nd3 32. Nd6 Qc5 33.
Nf7+ Kg7 34. Nxd8 Nf2+ 35. Rxf2 Qxf2 36. Rd1 c3 37. Bb3 c2 38. Ne6+ Kf6 39. Rc1
Qd2 40. Rf1+ Ke7 41. Bxc2 Qxc2 42. Ng5 1/2-1/2

[Event "First Saturday 2009 oktober IM-A"]
[Site "Budapest"]
[Date "2009.10.09"]
[Round "7"]
[White "Roberts, Paul"]
[Black "Le, Thanh Tu"]
[Result "0-1"]
[WhiteElo "2193"]
[BlackElo "2305"]
[PlyCount "50"]
[EventDate "2009.10.03"]

1. Nf3 Nf6 2. c4 c5 3. g3 Nc6 4. d4 cxd4 5. Nxd4 d6 6. Bg2 Bd7 7. Nc3 g6 8. O-O
Bg7 9. Nxc6 Bxc6 10. e4 O-O 11. Be3 Nd7 12. Rc1 a5 13. Bd4 a4 14. Bxg7 Kxg7 15.
Qd4+ Kg8 16. Nd5 Re8 17. Nb4 Qc7 18. Rfd1 Rad8 19. f4 Qa5 20. Nxc6 bxc6 21. Bh3
e5 22. Qxd6 Qb6+ 23. Kh1 Nc5 24. Qf6 Rxd1+ 25. Rxd1 Nxe4 0-1

[Event "First Saturday 2009 oktober IM-A"]
[Site "Budapest"]
[Date "2009.10.09"]
[Round "7"]
[White "Dencsi, Tibor"]
[Black "Lengyel, Bela"]
[Result "1/2-1/2"]
[WhiteElo "2338"]
[BlackElo "2251"]
[PlyCount "72"]
[EventDate "2009.10.03"]

1. e4 e5 2. Nf3 Nc6 3. Bb5 a6 4. Ba4 Nf6 5. O-O Be7 6. Re1 b5 7. Bb3 d6 8. c3
O-O 9. h3 Na5 10. Bc2 c5 11. d4 Qc7 12. Nbd2 Nc6 13. d5 Na5 14. Nf1 Nc4 15. Ng3
g6 16. Nh2 Ne8 17. b3 Nb6 18. Bh6 Ng7 19. Qf3 f6 20. h4 Rf7 21. h5 Bd7 22. Bd2
Qc8 23. h6 Ne8 24. Qe2 Bf8 25. a4 c4 26. axb5 Bxb5 27. b4 Nc7 28. Be3 Rb8 29.
Nhf1 Bd7 30. Nd2 Nb5 31. Bxb6 Rxb6 32. Nxc4 Rb8 33. Qd3 Bxh6 34. Bb3 Qb7 35.
Ra5 Bf8 36. Rea1 Nc7 1/2-1/2

[Event "First Saturday 2009 oktober IM-A"]
[Site "Budapest"]
[Date "2009.10.09"]
[Round "7"]
[White "Dave, Dhyani"]
[Black "Adams, Nick A"]
[Result "1/2-1/2"]
[WhiteElo "2124"]
[BlackElo "2221"]
[PlyCount "37"]
[EventDate "2009.10.03"]

1. e4 e5 2. Nf3 Nc6 3. Bb5 Nf6 4. O-O Nxe4 5. Re1 Nd6 6. Bxc6 dxc6 7. Nxe5 Be7
8. Nc3 O-O 9. h3 Nf5 10. d3 Be6 11. Bf4 Re8 12. Nf3 Bd6 13. Qd2 Nh4 14. Nxh4
Qxh4 15. Bg5 Qh5 16. Ne4 Qg6 17. Nxd6 cxd6 18. Kh2 Bd5 19. f3 1/2-1/2

[Event "First Saturday 2009 oktober IM-A"]
[Site "Budapest"]
[Date "2009.10.10"]
[Round "8"]
[White "Le, Thanh Tu"]
[Black "Berczes, Csaba"]
[Result "1-0"]
[WhiteElo "2305"]
[BlackElo "2368"]
[PlyCount "61"]
[EventDate "2009.10.03"]

1. Nf3 Nf6 2. c4 e6 3. g3 b6 4. Bg2 Bb7 5. O-O c5 6. Nc3 Be7 7. d4 cxd4 8. Qxd4
d6 9. Rd1 a6 10. Ng5 Bxg2 11. Kxg2 O-O 12. Nce4 Ne8 13. Qd3 g6 14. Nf3 Nd7 15.
Bh6 Ng7 16. Qc3 f6 17. Bxg7 Kxg7 18. Nfg5 Qc8 19. Nxe6+ Kf7 20. Nxf8 Kxf8 21.
Nxd6 Qc6+ 22. Qf3 Qxf3+ 23. exf3 Ne5 24. f4 Nc6 25. Ne4 f5 26. Nc3 Bc5 27. Rd7
h6 28. Rad1 Re8 29. Na4 Re4 30. Nxc5 bxc5 31. Rc7 1-0

[Event "First Saturday 2009 oktober IM-A"]
[Site "Budapest"]
[Date "2009.10.10"]
[Round "8"]
[White "Adams, Nick A"]
[Black "Vegh, Endre"]
[Result "1/2-1/2"]
[WhiteElo "2221"]
[BlackElo "2296"]
[PlyCount "49"]
[EventDate "2009.10.03"]

1. c4 g6 2. Nc3 c5 3. g3 Bg7 4. Bg2 Nc6 5. a3 a6 6. Rb1 Rb8 7. b4 cxb4 8. axb4
b5 9. cxb5 axb5 10. e4 e5 11. Nge2 Nge7 12. O-O O-O 13. d3 d6 14. Be3 Nd4 15.
Bg5 f6 16. Be3 f5 17. Bxd4 exd4 18. Nd5 Nxd5 19. exd5 g5 20. f4 g4 21. Nc1 Ra8
22. Nb3 Ra2 23. Rf2 Rxf2 24. Kxf2 Re8 25. Ra1 1/2-1/2

[Event "First Saturday 2009 oktober IM-A"]
[Site "Budapest"]
[Date "2009.10.10"]
[Round "8"]
[White "Lengyel, Bela"]
[Black "Dave, Dhyani"]
[Result "1-0"]
[WhiteElo "2251"]
[BlackElo "2124"]
[PlyCount "67"]
[EventDate "2009.10.03"]

1. e4 e6 2. d4 d5 3. Nc3 dxe4 4. Nxe4 Nd7 5. Nf3 Ngf6 6. Nxf6+ Nxf6 7. Bd3 c5
8. dxc5 Bxc5 9. O-O O-O 10. Qe2 Qc7 11. c4 Be7 12. Ne5 b6 13. Bf4 Bd6 14. Rad1
Bb7 15. Bg3 Rad8 16. a3 a5 17. Rfe1 Qc5 18. Bc2 Be7 19. Bh4 Rxd1 20. Rxd1 Bc8
21. g4 g6 22. b4 axb4 23. axb4 Qc7 24. b5 Ne8 25. Bg3 Bd6 26. g5 f6 27. gxf6
Rxf6 28. Ng4 Rf8 29. Rxd6 Nxd6 30. Qe5 Qg7 31. Qxg7+ Kxg7 32. Bxd6 Rf7 33. Be4
Bb7 34. Bc6 1-0